000 01106nmc a2200409 a 4500
003 AR-BaBNM
005 20251128202733.0
008 157019s1992 ||||||||||||||000 | spa||
020 _a84-7100-333-3
040 _cAR-BaBNM
100 1 _aCaraci, Ilaria Luzzana
245 1 0 _aNavegantes italianos
250 _a1ª ed.
260 _aMadrid
_bMapfre
_c1992
300 _a319 p.
_bil., láms., mapas
490 0 _aMar y américa
_vv. 15
504 _aBibliografía para consultar p. 301-305.
600 1 4 _aColón, Cristóbal
600 1 4 _aCaboto, Juan
600 1 4 _aVespucio, Américo
600 1 4 _aCaboto, Sebastián
650 4 _aNAVEGACION MARITIMA
650 4 _aTRANSPORTE MARITIMO
650 4 _aINSTRUMENTOS DE NAVEGACION
650 4 _aHISTORIA POLITICA
650 4 _aHISTORIA MILITAR
650 4 _aHISTORIA ECONOMICA
650 4 _aCOMERCIO
650 4 _aMARES
650 4 _aBUQUES
651 4 _aPortugal
651 4 _aItalia
800 1 _aGallego, José Andrés
_ecoordinador
800 1 _aBordejé Morencós, Fernando de
_edirector
942 _cBK
998 _cmariana
999 _c329
_d329